[Event "AUTO-ADV-4461"]
[Site "http://www.queenalice.com/game.php?id=1642629"]
[Date "2021.2.4"]
[Round "1"]
[White "Polyphem"]
[Black "Shizumaru_Hisame"]
[Result "1-0"]
[WhiteElo "1756"]
[BlackElo "1823"]

1. e4 e6 2. e5 d6 3. Nf3 Nc6 4. exd6 cxd6 5. Nc3 a6 6. d4 Be7 7. g3 Nf6 8. Bd3
Qb6 9. O-O Nxd4 10. Be4 Nxf3+ 11. Bxf3 O-O 12. b3 e5 13. Bb2 Bd7 14. Bg2 Bc6 15.
a4 Rad8 16. Nd5 Nxd5 17. Bxd5 h5 18. Bxc6 Qxc6 19. Qe2 h4 20. h3 e4 21. Qg4 hxg3
22. Qxg7# 1-0

[Event "AUTO-ADV-4461"]
[Site "http://www.queenalice.com/game.php?id=1642634"]
[Date "2021.2.4"]
[Round "1"]
[White "Wecker"]
[Black "Polyphem"]
[Result "1-0"]
[WhiteElo "1920"]
[BlackElo "1758"]

1. e4 e5 2. Nf3 Nc6 3. d4 exd4 4. c3 dxc3 5. Bc4 cxb2 6. Bxb2 Bc5 7. Qd5 Qe7 8.
Bxg7 Nf6 9. Bxf6 Qxf6 10. O-O d6 11. e5 Qe6 12. Nc3 Qxd5 13. Nxd5 Kd8 14. exd6
Bxd6 15. Rfe1 Be6 16. Ng5 Rg8 17. Nxe6+ fxe6 18. Rxe6 Kd7 19. Nf6+ Kc8 20. Nxg8
b6 21. Ba6+ Kd7 22. Rxd6+ Kxd6 23. Nf6 h6 24. Ne4+ Kd5 25. Bb7 Re8 26. Nf6+ 1-0

[Event "AUTO-ADV-4461"]
[Site "http://www.queenalice.com/game.php?id=1642635"]
[Date "2021.2.4"]
[Round "1"]
[White "Polyphem"]
[Black "Wecker"]
[Result "0-1"]
[WhiteElo "1760"]
[BlackElo "1916"]

1. e4 e5 2. c3 Nf6 3. d4 Nxe4 4. Nf3 exd4 5. Qxd4 d5 6. Nbd2 Nc6 7. Qd3 Bf5 8.
Qe3 Bc5 9. Nd4 Qd7 10. Nxe4 dxe4 11. Qg5 Nxd4 12. Qxg7 Nc2+ 13. Ke2 Qd3# 0-1

[Event "AUTO-OPEN-4255"]
[Site "http://www.queenalice.com/game.php?id=1642739"]
[Date "2021.2.6"]
[Round "1"]
[White "chessman"]
[Black "Polyphem"]
[Result "1/2-1/2"]
[WhiteElo "1984"]
[BlackElo "1747"]

1. e4 e5 2. Nf3 Nc6 3. d4 exd4 4. Nxd4 Qf6 5. Nxc6 dxc6 6. Bc4 Bc5 7. O-O Qg6 8.
Re1 Bh3 9. Qf3 Bg4 10. Qg3 h5 11. Qxc7 Ne7 12. Qf4 Bh3 13. Bxf7+ Qxf7 14. Qxf7+
Kxf7 15. gxh3 Ng6 16. Nc3 Rhf8 17. Be3 Be7 18. Rad1 Ne5 19. Ne2 Nf3+ 20. Kg2
Nxe1+ 21. Rxe1 Kg8 22. f3 Rf6 23. Bg5 Rg6 24. h4 Bxg5 25. hxg5 Rxg5+ 26. Kf2 h4
27. Nf4 Re5 28. Ng6 Ra5 29. a3 Re8 30. Rd1 Rc5 31. c3 Kh7 32. Nxh4 Rh5 33. Kg3
Rg5+ 34. Kh3 Rh5 35. Kg4 g6 36. Rd7+ Kh6 37. Rxb7 Rg5+ 38. Kh3 Rb5 39. Rxa7 Rxb2
40. Rc7 Rb3 41. Rxc6 Rh8 42. Rxg6+ Kh5 43. Rg4 Rxc3 44. a4 Ra3 1/2-1/2

[Event "AUTO-OPEN-4255"]
[Site "http://www.queenalice.com/game.php?id=1642740"]
[Date "2021.2.6"]
[Round "1"]
[White "Polyphem"]
[Black "chessman"]
[Result "0-1"]
[WhiteElo "1754"]
[BlackElo "1977"]

1. e4 e6 2. d4 d5 3. e5 c5 4. c3 cxd4 5. Qxd4 Nc6 6. Qf4 Qc7 7. Nf3 Nge7 8. Bb5
Bd7 9. Bxc6 Nxc6 10. Nbd2 Be7 11. O-O O-O 12. Re1 f6 13. Qg3 Nxe5 14. Kh1 Bd6
15. Nxe5 Bxe5 16. Qe3 Bd6 17. g3 e5 18. Nf3 Bc6 19. Kg1 a6 20. b3 Rad8 21. Bb2
Rfe8 22. Nh4 Bd7 23. Rac1 b5 24. a3 Bc5 25. Qe2 Ba7 26. c4 bxc4 27. b4 Rc8 28.
Nf3 d4 29. Ba1 Bb5 30. Qd1 c3 31. a4 Bd7 32. Rc2 Bxa4 33. Qb1 Bxc2 34. Qxc2 Qc4
35. Kg2 Qxb4 36. Rb1 Qc4 37. Ne1 Qd5+ 38. Kg1 Rb8 39. Qa4 Rb5 40. Rxb5 Qxb5 41.
Qd1 Bc5 42. Nd3 Ba3 43. Kg2 Rb8 44. Qf3 Qb7 0-1

[Event "AUTO-OPEN-4255"]
[Site "http://www.queenalice.com/game.php?id=1642782"]
[Date "2021.2.6"]
[Round "1"]
[White "Polyphem"]
[Black "Capixaba789"]
[Result "0-1"]
[WhiteElo "1763"]
[BlackElo "1764"]

1. e4 e5 2. c3 d6 3. d4 exd4 4. cxd4 Nf6 5. Nc3 Be7 6. Nf3 Nc6 7. Bb5 Bd7 8.
Bxc6 Bxc6 9. d5 Bd7 10. O-O O-O 11. h3 c6 12. Bg5 c5 13. Qc2 a6 14. e5 dxe5 15.
Nxe5 h6 16. Bh4 Rc8 17. Nc4 b5 18. Bxf6 Bxf6 19. Nd6 Rb8 20. Nce4 Bd4 21. Ng3
Qg5 22. Nde4 Qg6 23. Kh2 f5 24. Nc3 Rbc8 25. Nce2 Be5 26. f4 Bd6 27. Rae1 c4 28.
Nd4 Rce8 29. Rxe8 Rxe8 30. Ndxf5 Bxf5 31. Nxf5 Kh8 32. g4 Bc5 33. Qd2 b4 34. b3
c3 35. Qd3 Re3 36. Qc2 Re8 37. Qd1 a5 38. d6 Rd8 39. Ne7 Qe4 40. Re1 Qxf4+ 41.
Kh1 Qxd6 42. Ng6+ Kg8 43. Qc2 Qd5+ 44. Kh2 Qd2+ 45. Qxd2 Rxd2+ 46. Kh1 Rxa2 47.
Re8+ Kf7 48. Rc8 Ra1+ 49. Kg2 c2 50. Ne5+ Ke6 51. Nd3 c1=Q 52. Nxc1 Rxc1 53. Ra8
Bb6 54. Rb8 Bd4 55. Rb7 Rb1 56. Kg3 Rxb3+ 57. Kh4 a4 0-1

[Event "AUTO-ADV-4465"]
[Site "http://www.queenalice.com/game.php?id=1643998"]
[Date "2021.2.17"]
[Round "1"]
[White "atbn"]
[Black "Polyphem"]
[Result "1-0"]
[WhiteElo "1879"]
[BlackElo "1801"]

1. d4 d5 2. Nc3 Nf6 3. Nf3 Nc6 4. e3 Bg4 5. Bb5 a6 6. Be2 e5 7. Nxe5 Bxe2 8.
Qxe2 Bd6 9. Nxc6 bxc6 10. e4 dxe4 11. Bg5 O-O 12. Nxe4 Re8 13. Bxf6 gxf6 14.
Qg4+ Kh8 15. Qf5 Qe7 16. f3 Rab8 17. Rb1 Rb5 18. Qh3 Bb4+ 19. c3 Bd6 20. O-O Rg8
21. Rfe1 Qd8 22. g3 f5 23. Nxd6 cxd6 24. b3 f4 25. Re4 fxg3 26. hxg3 Rbg5 27. g4
d5 28. Re5 Rxe5 29. dxe5 Qb6+ 30. Kg2 Qe3 31. Qg3 Qd2+ 32. Qf2 Qxc3 33. Re1 d4
34. e6 fxe6 35. Rxe6 d3 36. Rd6 Re8 37. Qd4+ Qxd4 38. Rxd4 Re2+ 39. Kf1 Rxa2 40.
Rxd3 Ra3 41. Ke2 c5 42. Kd2 Ra2+ 43. Kc3 Rf2 44. Kc4 Kg7 45. Kxc5 Rc2+ 46. Kd4
a5 47. Rc3 Ra2 48. Kc5 a4 49. bxa4 Rxa4 50. Rc4 Ra3 51. f4 Rg3 52. f5 Kf6 53.
Kd5 Rd3+ 54. Ke4 Rd6 55. Kf4 h6 56. Re4 Ra6 57. Re8 Ra4+ 58. Kg3 Ra3+ 59. Kh4
Ra1 60. Re6+ Kg7 61. Rg6+ Kh7 62. Kg3 Rg1+ 63. Kf4 Rf1+ 64. Ke5 Re1+ 65. Kf6 Re8
66. Rg7+ Kh8 67. Kg6 Ra8 68. f6 Ra6 69. Rh7+ Kg8 70. Rxh6 Ra7 71. Rh1 Ra6 72.
Rb1 Ra8 73. Rb7 Kf8 74. Rh7 1-0

[Event "AUTO-ADV-4465"]
[Site "http://www.queenalice.com/game.php?id=1643999"]
[Date "2021.2.17"]
[Round "1"]
[White "Polyphem"]
[Black "atbn"]
[Result "0-1"]
[WhiteElo "1747"]
[BlackElo "1812"]

1. e4 e5 2. Nf3 Nc6 3. Bb5 Bc5 4. Nc3 a6 5. Bxc6 dxc6 6. Nxe5 Qd4 7. Qf3 Qxe5 8.
O-O Nf6 9. d3 Bg4 10. Qg3 Qxg3 11. hxg3 h6 12. Be3 Bxe3 13. fxe3 Ke7 14. d4 Rhd8
15. Rae1 c5 16. d5 Kd6 17. a3 Re8 18. Rf2 Nxe4 19. Nxe4+ Rxe4 20. Rxf7 Re7 21.
Rxe7 Kxe7 22. e4 Kd6 23. c4 Ke5 24. Kf2 Rf8+ 25. Kg1 Kd4 26. e5 Kxc4 27. e6 Kxd5
28. e7 Re8 29. Re3 Kd6 30. Kf1 Rxe7 31. Rd3+ Kc6 32. b3 Be2+ 0-1

[Event "AUTO-ADV-4465"]
[Site "http://www.queenalice.com/game.php?id=1644016"]
[Date "2021.2.17"]
[Round "1"]
[White "Polyphem"]
[Black "Canaye"]
[Result "0-1"]
[WhiteElo "1742"]
[BlackElo "1834"]

1. e4 e6 2. c3 d5 3. exd5 Qxd5 4. d4 c5 5. Nf3 Nf6 6. Bc4 Qxc4 7. Nbd2 Qd5 8. c4
Qd8 9. Ne5 Qxd4 10. Nef3 Qd8 11. O-O Be7 12. Qc2 Nc6 13. b3 O-O 14. Bb2 Nd4 15.
Nxd4 cxd4 16. Rad1 e5 17. Nf3 Nd7 18. Bc1 Re8 19. Bb2 Bf6 20. Nd2 b6 21. Nf3 Nc5
22. b4 Ne6 23. Rd2 Qc7 24. Re1 Bb7 25. c5 bxc5 26. bxc5 Rac8 27. Rc1 Qxc5 28.
Qxc5 Nxc5 29. Rdd1 Bxf3 30. gxf3 Bg5 31. Rc4 Ne6 32. Ra4 Rc2 33. Rb1 Bh4 34. Kg2
Rxf2+ 35. Kh3 Bf6 36. Bc1 h5 37. Rxa7 g5 38. Kg3 Rc2 39. Ba3 h4+ 40. Kh3 Nf4+
41. Kg4 Kg7 42. Rbb7 Ne6 43. Kf5 Nd8 44. Rb8 d3 45. Rd7 d2 46. Bb4 Rc4 0-1

[Event "AUTO-ADV-4465"]
[Site "http://www.queenalice.com/game.php?id=1644018"]
[Date "2021.2.17"]
[Round "1"]
[White "Polyphem"]
[Black "pomar"]
[Result "0-1"]
[WhiteElo "1770"]
[BlackElo "2004"]

1. e4 e6 2. d4 d5 3. e5 c5 4. Nc3 Qb6 5. Nf3 Nc6 6. Bb5 Bd7 7. dxc5 Bxc5 8. O-O
Nxe5 9. Nxe5 Bxb5 10. Nxb5 Qxb5 11. c3 Nf6 12. b4 Bd6 13. a4 Qb6 14. Be3 Qc7 15.
f4 Qxc3 16. Bc5 Bxc5+ 17. bxc5 Qxc5+ 18. Kh1 O-O 19. Rc1 Qe3 20. a5 Rac8 21.
Rxc8 Rxc8 22. Qb1 Ne4 23. Qxb7 Nf2+ 24. Rxf2 Rc1+ 0-1

[Event "AUTO-ADV-4465"]
[Site "http://www.queenalice.com/game.php?id=1644019"]
[Date "2021.2.17"]
[Round "1"]
[White "pomar"]
[Black "Polyphem"]
[Result "1-0"]
[WhiteElo "2032"]
[BlackElo "1747"]

1. f3 e5 2. Kf2 d5 3. e3 Qf6 4. c4 c6 5. cxd5 cxd5 6. d4 e4 7. Nc3 Qd6 8. Bb5+
Bd7 9. Qb3 Nc6 10. Qxd5 Nb4 11. Qxd6 Bxd6 12. Bxd7+ Kxd7 13. Nxe4 Nf6 14. Nxf6+
gxf6 15. Bd2 Nd3+ 16. Ke2 Nxb2 17. Rb1 Nc4 18. Rxb7+ Ke6 19. Nh3 Nxd2 20. Kxd2
Rhc8 21. g3 a5 22. Nf2 Bb4+ 23. Kd1 Ba3 24. Kd2 Bb4+ 25. Kd3 Rc3+ 26. Ke4 f5+
27. Kf4 Rc2 28. Nd3 Bd6+ 29. Kg5 f6+ 30. Kh6 Rcc8 31. Rhb1 a4 32. R1b6 Rab8 33.
Nf4# 1-0

[Event "AUTO-OPEN-4259"]
[Site "http://www.queenalice.com/game.php?id=1644103"]
[Date "2021.2.19"]
[Round "1"]
[White "clovis"]
[Black "Polyphem"]
[Result "1-0"]
[WhiteElo "2043"]
[BlackElo "1775"]

1. e4 e5 2. Bc4 Nc6 3. Nf3 Nd4 4. Nxd4 exd4 5. O-O Bc5 6. d3 c6 7. Qh5 Qf6 8.
Qxc5 d6 9. e5 dxc5 10. exf6 Nxf6 11. Re1+ Kf8 12. Bf4 Nd5 13. Bxd5 cxd5 14. Bd6+
1-0

[Event "AUTO-OPEN-4259"]
[Site "http://www.queenalice.com/game.php?id=1644104"]
[Date "2021.2.19"]
[Round "1"]
[White "Polyphem"]
[Black "clovis"]
[Result "0-1"]
[WhiteElo "1734"]
[BlackElo "1976"]

1. e4 e5 2. c3 Nf6 3. d4 exd4 4. cxd4 Nxe4 5. Qe2 Bb4+ 6. Bd2 Bxd2+ 7. Nxd2 d5
8. Nxe4 dxe4 9. Qxe4+ Be6 10. Bc4 O-O 11. Be2 Nc6 12. Rd1 Bxa2 13. Nf3 Re8 14.
Qf4 Bc4 15. Rd2 Qe7 16. Ne5 Bxe2 17. Rxe2 Qb4+ 18. Qd2 Qxd2+ 19. Rxd2 Nxd4 20.
O-O c5 21. Nc4 Re2 22. Rxe2 Nxe2+ 23. Kh1 b5 24. Nd6 a6 25. h3 c4 26. Re1 Nf4
27. Re7 Nd3 28. Rxf7 Rd8 29. Nb7 Kxf7 30. Nxd8+ Ke8 31. Nc6 Nxb2 32. Nb4 Nd3 33.
Nxa6 c3 34. Nc7+ Kd7 0-1

[Event "AUTO-OPEN-4259"]
[Site "http://www.queenalice.com/game.php?id=1644129"]
[Date "2021.2.19"]
[Round "1"]
[White "Zanocovsky"]
[Black "Polyphem"]
[Result "0-1"]
[WhiteElo "1747"]
[BlackElo "1730"]

1. d4 g6 2. e4 Bg7 3. Nf3 e6 4. Be3 Nc6 5. c4 Nge7 6. Nc3 d5 7. cxd5 exd5 8. Bb5
a6 9. Bxc6+ Nxc6 10. O-O dxe4 11. Nxe4 Bg4 12. Neg5 h6 13. Nxf7 Kxf7 14. h3 Be6
15. Qd2 Bd5 16. Ne5+ Bxe5 17. dxe5 Nxe5 0-1

[Event "AUTO-OPEN-4259"]
[Site "http://www.queenalice.com/game.php?id=1644130"]
[Date "2021.2.19"]
[Round "1"]
[White "Polyphem"]
[Black "Zanocovsky"]
[Result "0-1"]
[WhiteElo "1747"]
[BlackElo "1833"]

1. e4 c5 2. Bc4 e6 3. d4 cxd4 4. Qxd4 Nc6 5. Qc3 Nf6 6. e5 Bb4 7. Bg5 Bxc3+ 8.
Nxc3 Nxe5 9. Bb3 O-O 10. Ne4 d5 11. Nxf6+ gxf6 12. Bh6 Re8 13. h3 Ng6 14. Nf3 a5
15. O-O a4 16. Bxd5 Qxd5 17. Rfd1 Qh5 18. Be3 b5 19. c3 Bb7 20. Nh2 Rad8 21.
Rxd8 Rxd8 22. Re1 Rd1 23. Kf1 Rxe1+ 24. Kxe1 Bxg2 25. Ng4 Qxh3 26. Nxf6+ Kh8 27.
Bd4 e5 28. Be3 Bf3 29. Kd2 Qf1 0-1

[Event "AUTO-OPEN-4259"]
[Site "http://www.queenalice.com/game.php?id=1644147"]
[Date "2021.2.19"]
[Round "1"]
[White "Polyphem"]
[Black "wudang"]
[Result "0-1"]
[WhiteElo "1781"]
[BlackElo "2539"]

1. e4 c5 2. Nf3 e6 3. c3 Nc6 4. d4 d5 5. e5 Nge7 6. Bg5 h6 7. Bh4 cxd4 8. cxd4
Qb6 9. b3 Nf5 10. Bg3 Ncxd4 11. Nxd4 Bb4+ 12. Nd2 Qxd4 13. Bb5+ Bd7 14. Bxd7+
Kxd7 15. a3 Bxd2+ 0-1

[Event "AUTO-OPEN-4259"]
[Site "http://www.queenalice.com/game.php?id=1644148"]
[Date "2021.2.19"]
[Round "1"]
[White "wudang"]
[Black "Polyphem"]
[Result "1-0"]
[WhiteElo "2538"]
[BlackElo "1783"]

1. e4 e5 2. Nf3 Nc6 3. d4 exd4 4. Bc4 h6 5. O-O Nf6 6. e5 Ne4 7. Re1 Nc5 8. Nxd4
Be7 9. Qh5 g6 10. Qf3 Ne6 11. Nxc6 bxc6 12. Nc3 Bb7 13. Be3 Rb8 14. Bxa7 Ra8 15.
Be3 1-0